<?xml version="1.0" encoding="UTF-8"?>
<record
    xmlns:xsi="http://www.w3.org/2001/XMLSchema-instance"
    xsi:schemaLocation="http://www.loc.gov/MARC21/slim http://www.loc.gov/standards/marcxml/schema/MARC21slim.xsd"
    xmlns="http://www.loc.gov/MARC21/slim">

  <leader>01378nam a22002177a 4500</leader>
  <datafield tag="999" ind1=" " ind2=" ">
    <subfield code="c">22031</subfield>
    <subfield code="d">22031</subfield>
  </datafield>
  <controlfield tag="003">AR-CdUCM</controlfield>
  <controlfield tag="008">190425b           ||||| |||| 00| 0 spa d</controlfield>
  <datafield tag="040" ind1=" " ind2=" ">
    <subfield code="a">MUNICIPALIDAD PROVINCIAL DEL CUSCO</subfield>
    <subfield code="c">BIBLIOTECA MUNICIPAL DEL CUSCO</subfield>
  </datafield>
  <datafield tag="082" ind1=" " ind2=" ">
    <subfield code="a">Rev.DIO/N&#xB0;8-9/1937</subfield>
  </datafield>
  <datafield tag="245" ind1=" " ind2=" ">
    <subfield code="a">Revista diocesana /</subfield>
  </datafield>
  <datafield tag="260" ind1=" " ind2=" ">
    <subfield code="a">Cusco :</subfield>
    <subfield code="b">Talleres Cusco Imperial,</subfield>
    <subfield code="c">1937.</subfield>
  </datafield>
  <datafield tag="300" ind1=" " ind2=" ">
    <subfield code="a">130-190 p&#xE1;ginas. :</subfield>
    <subfield code="c">20 cm.</subfield>
  </datafield>
  <datafield tag="440" ind1=" " ind2=" ">
    <subfield code="a">Revista Diocesana.</subfield>
    <subfield code="n">A&#xF1;o II, N&#xB0;8-9. 1937</subfield>
    <subfield code="9">47206</subfield>
  </datafield>
  <datafield tag="505" ind1=" " ind2=" ">
    <subfield code="a">Contenido: Instrucci&#xF3;n pastoral del Episcopado peruano sobre la vida lit&#xFA;rgica. -- Desviaci&#xF3;n de la clase alta en el Cusco. -- Carta enciclica divini redemptoris, de su santidad Pio XI contra el comunismo y sobre la instauraci&#xF3;n del orden social. -- Exhortaci&#xF3;n pastoral con motivo de la festividad del Corpus. -- Ejecuci&#xF3;n de la bula  se&#xF1;or Valverde. -- Se&#xF1;or Don Manuel Mar&#xED;a Guill&#xE9;n benefactor de la Di&#xF3;cesis del Cuzco y fundador del colegio San Jos&#xE9;. -- Copia simple de la escritura de la fundaci&#xF3;n del colegio de San Jos&#xE9; que hace el se&#xF1;or don Manuel Mar&#xED;a Guill&#xE9;n Garc&#xED;a de los R&#xED;os. -- Colecta de limosnas para tierra Santa en 1937. -- Colecta de limosnas para obras p&#xED;as en 1937....</subfield>
  </datafield>
  <datafield tag="650" ind1=" " ind2=" ">
    <subfield code="a">Di&#xF3;cesis del Cusco</subfield>
    <subfield code="9">46738</subfield>
  </datafield>
  <datafield tag="650" ind1=" " ind2=" ">
    <subfield code="a">Catolicismo </subfield>
    <subfield code="9">2175</subfield>
  </datafield>
  <datafield tag="650" ind1=" " ind2=" ">
    <subfield code="a">Catecismo</subfield>
    <subfield code="9">24778</subfield>
  </datafield>
  <datafield tag="700" ind1=" " ind2=" ">
    <subfield code="a">Recharte, Jos&#xE9; &#xC1;ngel</subfield>
    <subfield code="9">46739</subfield>
  </datafield>
  <datafield tag="942" ind1=" " ind2=" ">
    <subfield code="2">ddc</subfield>
    <subfield code="c">PP</subfield>
  </datafield>
  <datafield tag="945" ind1=" " ind2=" ">
    <subfield code="a">rac</subfield>
  </datafield>
  <datafield tag="952" ind1=" " ind2=" ">
    <subfield code="0">0</subfield>
    <subfield code="2">ddc</subfield>
    <subfield code="4">0</subfield>
    <subfield code="7">0</subfield>
    <subfield code="a">HEM</subfield>
    <subfield code="b">HEM</subfield>
    <subfield code="c">CART</subfield>
    <subfield code="d">2022-02-14</subfield>
    <subfield code="g">5.00</subfield>
    <subfield code="o">Rev.DIO/N&#xB0;8-9/1937</subfield>
    <subfield code="p">REVC000594</subfield>
    <subfield code="r">2022-02-14</subfield>
    <subfield code="y">PP</subfield>
  </datafield>
</record>
